000 00353cam a22000977a 4500
008 180718b1957 xxu||||| |||| 00| 0 eng d
082 _aL25x5421 Ut8m
245 _aThe excise manual united provinces of Agra and Oudh
260 _aLucknow
_bSuperintendent, Printing and Stationery
_c1957
500 _aContents : Library has v.1,v.2 : Appendices and Forms, v.3
999 _c429350
_d429350